<?xml version="1.0" encoding="UTF-8"?>
<collection xmlns:xsi="http://www.w3.org/2001/XMLSchema-instance" xsi:schemaLocation="http://www.loc.gov/MARC21/slim http://www.loc.gov/standards/marcxml/schema/MARC21slim.xsd" xmlns="http://www.loc.gov/MARC21/slim">
 <record>
  <leader>00000cam a22000004i 4500</leader>
  <controlfield tag="001">UP-99796217612404211</controlfield>
  <controlfield tag="003">Buklod</controlfield>
  <controlfield tag="005">20170307172206.0</controlfield>
  <controlfield tag="006">aa    r     ||| u </controlfield>
  <controlfield tag="007">ta</controlfield>
  <controlfield tag="008">901009s1990    nyum    rb   a000 0|eng d</controlfield>
  <datafield tag="020" ind1=" " ind2=" ">
   <subfield code="a">0393958620 (pbk.)</subfield>
  </datafield>
  <datafield tag="035" ind1=" " ind2=" ">
   <subfield code="a">(iLib)UPD-00261912042</subfield>
  </datafield>
  <datafield tag="040" ind1=" " ind2=" ">
   <subfield code="a">DECON</subfield>
   <subfield code="e">rda</subfield>
  </datafield>
  <datafield tag="041" ind1=" " ind2=" ">
   <subfield code="a">eng</subfield>
  </datafield>
  <datafield tag="090" ind1=" " ind2=" ">
   <subfield code="a">QA 280</subfield>
   <subfield code="b">N54 1990</subfield>
  </datafield>
  <datafield tag="245" ind1="0" ind2="4">
   <subfield code="a">The New Palgrave</subfield>
   <subfield code="b">time series and statistics</subfield>
   <subfield code="c">edited by John Eatwell, Murray Milgate, Peter Newman.</subfield>
  </datafield>
  <datafield tag="246" ind1="3" ind2=" ">
   <subfield code="a">Time series and statistics.</subfield>
  </datafield>
  <datafield tag="250" ind1=" " ind2=" ">
   <subfield code="a">First American edition.</subfield>
  </datafield>
  <datafield tag="264" ind1=" " ind2="1">
   <subfield code="a">New York</subfield>
   <subfield code="b">Norton</subfield>
   <subfield code="c">1990.</subfield>
  </datafield>
  <datafield tag="300" ind1=" " ind2=" ">
   <subfield code="a">xii, 325 pages</subfield>
   <subfield code="c">25 cm</subfield>
  </datafield>
  <datafield tag="336" ind1=" " ind2=" ">
   <subfield code="a">text</subfield>
   <subfield code="2">rdacontent</subfield>
  </datafield>
  <datafield tag="337" ind1=" " ind2=" ">
   <subfield code="a">unmediated</subfield>
   <subfield code="2">rdamedia</subfield>
  </datafield>
  <datafield tag="338" ind1=" " ind2=" ">
   <subfield code="a">volume</subfield>
   <subfield code="2">rdacarrier</subfield>
  </datafield>
  <datafield tag="500" ind1=" " ind2=" ">
   <subfield code="a">&quot;First published in the New Palgrave: a dictionary of economics ... in four volumes, 1987&quot;--Title page verso.</subfield>
  </datafield>
  <datafield tag="504" ind1=" " ind2=" ">
   <subfield code="a">Includes bibliographical references.</subfield>
  </datafield>
  <datafield tag="505" ind1="0" ind2=" ">
   <subfield code="a">Statistical inference in time series / Peter Whittle -- ARIMA models / A.C. Harvey -- Autoregressive and moving average time-series models / Marc Nerlove and Francis X. Diebold -- Bayesian inference / Arnold Zellner -- Continuous and discrete time models / Christopher A. Sims -- Edgeworth as a statistician / Stephen M. Stigler -- Ergodic theory / William Parry -- Estimation / Marc Nerlove and Francis X. Diebold -- Factor analysis / Irma Adelman -- Ronald Aylmer Fisher / A.W.F. Edwards -- Forecasting / Clive W.J. Granger -- Heteroskedasticity / J. Kmenta -- Harold Hotelling / Kenneth J. Arrow -- Hypothesis testing / Gregory C. Chow -- Least squares / Halbert White -- Likelihood / A.W.F. Edwards -- Martingales / Alan F. Karr -- Maximum likelihood / Robert L. Basmann -- Meaningfulness and invariance / Louis Narens and R. Duncan Luce -- Mean value / Soo Hong Chew -- Measurement / R. Duncan Luce and Louis Narens -- Monte Carlo methods / John G. Cragg -- Multivariate time series models / Christopher A. Sims -- Non-parametric statistical methods / Joseph L. Gastwirth -- Outliers / William S. Krasker -- Prediction / Peter Whittle -- Principal components / T. Kloek -- Randomization / James O. Berger -- Random variables / I. Richard Savage -- Regression and correlation analysis / Dennis V. Lindley -- Residuals / F.J. Anscombe -- Semiparametric estimation / Stephen R. Cosslett -- Sequential analysis / James O. Berger -- Eugen Slutsky / Giancarlo Gandolfo -- Spectral analysis / Clive W. Granger -- Spline functions / Dale J. Poirier -- Stationary time series / E.J. Hannan -- Statistical decision theory / James O. Berger -- Statistical inference / Dennis V. Lindley -- Time series analysis / Marc Nerlove and Francis X. Diebold -- Transformation of statistical variables / D.R. Cox -- Abraham Wald / E.R. Weintraub -- Weiner process / A.G. Malliaris.</subfield>
  </datafield>
  <datafield tag="650" ind1="1" ind2="0">
   <subfield code="a">Time-series analysis.</subfield>
  </datafield>
  <datafield tag="650" ind1=" " ind2="0">
   <subfield code="a">Statistics.</subfield>
  </datafield>
  <datafield tag="650" ind1=" " ind2="0">
   <subfield code="a">Economics, Mathematical.</subfield>
  </datafield>
  <datafield tag="700" ind1="1" ind2=" ">
   <subfield code="a">Eatwell, John</subfield>
   <subfield code="e">editor.</subfield>
  </datafield>
  <datafield tag="700" ind1="1" ind2=" ">
   <subfield code="a">Milgate, Murray</subfield>
   <subfield code="e">editor.</subfield>
  </datafield>
  <datafield tag="700" ind1="1" ind2=" ">
   <subfield code="a">Newman, Peter</subfield>
   <subfield code="d">1928-2001</subfield>
   <subfield code="e">editor.</subfield>
  </datafield>
  <datafield tag="905" ind1=" " ind2=" ">
   <subfield code="a">FO</subfield>
  </datafield>
  <datafield tag="852" ind1="0" ind2=" ">
   <subfield code="a">UPD</subfield>
   <subfield code="b">DECON</subfield>
   <subfield code="h">QA 280 N54 1990</subfield>
  </datafield>
  <datafield tag="852" ind1="0" ind2=" ">
   <subfield code="a">UPD</subfield>
   <subfield code="b">DECON</subfield>
   <subfield code="h">QA 280</subfield>
   <subfield code="i">N54 1990</subfield>
  </datafield>
  <datafield tag="942" ind1=" " ind2=" ">
   <subfield code="a">Book</subfield>
  </datafield>
 </record>
</collection>
